Euroopan maantiedettä kirjaimittain - B #1 - Statistics

Yleistilastot
  • Tätä visaa on pelattu 962 kertaa
  • Keskiarvotulos 11 / 20
Vastaustilastot
Vihje Vastaus % Oikein
Nimitys Virolle, Latvialle ja Liettualle {Baltian} maat
96%
EU:n pääkaupunki Bryssel
96%
Sveitsin pääkaupunki Bern
89%
Katalonian pääkaupunki Barcelona
75%
Entisen Jugoslavian ja ympäröivien valtioiden niemimaa Balkan
69%
München on tämän Saksan osavaltion pääkaupunki Baijeri
66%
Suurin kaupunki Norjan länsirannikolla Bergen
66%
Entisen Länsi-Saksan pääkaupunki Bonn
54%
Guggenheim-museostaan tunnettu kaupunki Espanjan pohjoisosissa Bilbao
53%
Istanbulissa Euroopan ja Aasian erottava salmi {Bosporin}salmi
48%
Merkittävä historiallinen alue Tšekissä Böömi
47%
Yksi historiallisen Alankomaiden alueen valtioista Belgia
46%
Merenlahti Ranskasta länteen ja Espanjasta pohjoiseen {Biskajan}lahti
42%
Viinistä tunnettu alue Ranskan lounaisosissa Bordeaux
40%
Unkarin suurin järvi Balaton
35%
Niemimaa Ranskan luoteisosissa, yksi "kelttiläisitä maista" Bretagne
35%
Englannissa sijaitseva kaupunki, jota roomalaiset kutsuivat nimellä "Aquae Sulis" Bath
25%
Britteinsaarten korkein vuori Ben Nevis
25%
Tanskan itäisin saari Bornholm
23%
Berliinin ympärillä sijaitseva osavaltio ja entinen valtio Brandenburg
23%
Ehtoja vastaavia visoja ei löytynyt
Tulosjakauma
Jokaisen tuloksen saaneiden osuus
Persentiili vastausten määrän mukaan
Tuloshistoriasi
Et ole pelannut tätä visaa